000 00753nam a22002292 4500
001 0000023595
005 20151217154503.0
008 130311s xx 000 0 eng d
020 _a0070166974 :
040 _aKABU
_cKABU
100 1 _aNavidi, William.
_@0000183096
245 1 0 _aPrinciples of statistics for engineers and scientists /
_cWilliam Navidi.
250 _a1st ed.
260 _aBoston :
_bMcGraw-Hill Higher Education,
_c2010.
300 _aix, 582 p.
650 0 _aMathematical statistics.
_@0000148196
650 0 _aScience
_xStatistical methods.
_@0000180727
650 0 _aEngineering
_xStatistical methods.
_@0000154782
852 1 _9p2890 KES
908 _a130311
950 _@1
999 _c11458
_d11458